000 00482nam a2200145 a 4500
001 000032662
005 20200930065749.0
008 110725s1951 dr 000 0 spa d
040 _aDO-SdBNP
_bspa
_cBNPHU
100 1 _aLlverías Arredondo, Federico
_958545
245 1 0 _aOrganización de las tierras dominicanas :
_bsu posible adaptación en el Paraguay /
_cFederico Llaverías Arredondo.
260 _sSanto Domingo :
_b[s.n.],
_c1951.
300 _a19 p. ;
_c23 cm.
049 _aBNPD
999 _c32153
_d32153